[Event "Moscow Open 2009 C"]
[Site "?"]
[Date "2009.02.01"]
[Round "2.7"]
[White "Drozdova, Dina"]
[Black "Gaponenko, Inna"]
[Result "0-1"]
[WhiteElo "2175"]
[BlackElo "2450"]
[Annotator ""]
[Source ""]
[Remark ""]

1.e4 c5 2.Nf3 Nf6 3.Nc3 d6 4.d4 cxd4 5.Qxd4 a6 6.Be3 Ng4 7.Bg5
Nc6 8.Qd2 h6 9.Bh4 g5 10.Bg3 Bg7 11.Be2 Be6 12.Nd5 Nf6 13.Nxf6+
Bxf6 14.c3 Qb6 15.h3 Qc5 16.Rc1 Rc8 17.O-O Qa5 18.Ra1 h5 19.e5
Nxe5 20.Bxe5 Bxe5 21.Qxg5 f6 22.Qe3 Qc5 23.Nd4 Bf7 24.Rfe1 Rc7
25.Bd3 Rg8 26.Bh7 Rg7 27.Be4 Bxd4 28.cxd4 Qg5 29.f4 Qg3 30.Qxg3
Rxg3 31.Kf2 h4 32.Rac1 Rxc1 33.Rxc1 Bxa2 34.Bf3 Kd7 35.d5 f5
36.b3 a5 37.Ra1 Bxb3 38.Rxa5 Bc4 39.Ra8 b5 40.Ra7+ Ke8 41.Ra8+
Kf7 42.Rh8 b4 43.Rb8 b3 44.Rb4 Rxf3+ 45.Kxf3 Bxd5+ 46.Kf2 e5
47.g3 hxg3+ 48.Kxg3 Ke7 49.h4 Bf7 50.h5 Bxh5 51.Rxb3 Ke6 52.Rb5
Be2 53.Ra5 Bd1 54.Rb5 Ba4 55.Ra5 Bc6 56.Ra1 Bb7 57.Ra7 Be4 58.Ra5
Bd5 59.Ra7 Bc6 60.Ra5 Be4 61.Rb5 Bd3 62.Ra5 Be4 63.Rb5 Kf6 64.Rb6
Ke7 65.Rb5 Ke6 66.Ra5 Bc6 67.Ra1 Kd5 68.Rd1+ Kc5 69.Rc1+ Kb6
70.Rb1+ Kc7 71.Rc1 Kb6 72.Rb1+ Bb5 73.Re1 e4 74.Kf2 d5 75.Ke3
Kc5 76.Rd1 Bc4 77.Rd4 Bd3 78.Ra4 Bc4 79.Ra8 d4+ 80.Kd2 e3+ 81.Kd1
d3 82.Rb8 Kd4 0-1

[Event "Moscow Open 2009 C"]
[Site "?"]
[Date "2009.02.01"]
[Round "2.8"]
[White "Kineva, Ekaterina"]
[Black "Kovalevskaya, Ekaterina"]
[Result "0-1"]
[WhiteElo "2168"]
[BlackElo "2442"]
[Annotator ""]
[Source ""]
[Remark ""]

1.e4 e5 2.Nf3 Nc6 3.Bc4 Be7 4.d4 exd4 5.c3 Nf6 6.e5 Ng4 7.cxd4
d5 8.Bd3 h5 9.Nc3 Be6 10.Ne2 Qd7 11.Nf4 O-O-O 12.Bb5 a6 13.Ba4
Bf5 14.O-O g5 15.Nd3 Qe6 16.Bxg5 Bxg5 17.Nc5 Qg6 18.Bxc6 bxc6
19.Nxg5 Qxg5 20.Qa4 Rdg8 21.Qxc6 Kd8 22.Nb7+ Ke7 23.Qc5+ Ke8
24.Qxc7 Kf8 25.Qc5+ Kg7 26.Nd6 Be6 27.Qc1 Qg6 28.Qf4 Kf8 29.Qf3
h4 30.h3 Nh6 31.Rac1 Nf5 32.Nxf5 Qxf5 33.Qxf5 Bxf5 34.Kh2 Rg6
35.f3 Rb6 36.Rf2 Ke7 37.Rc5 Rhb8 38.b3 Ke6 39.Rf1 Rb4 40.Rc6+
Ke7 41.Rf6 Be6 42.Rf4 Rh8 43.Rc1 Kd7 44.Rc5 Rh6 45.Kg1 Rb6 46.Kf2
Rc6 47.b4 Rc8 48.a3 Rg8 49.Ra5 Rhg6 50.Rxh4 Rxg2+ 51.Ke3 Rc8
52.Rxa6 Rc3+ 53.Kf4 Rf2 54.Ra7+ Kc6 55.a4 Rcxf3+ 56.Kg5 Rg2+
57.Kh6 Rg8 58.Kh7 Rfg3 59.Rf4 R8g7+ 60.Kh8 R7g5 61.Rh4 Rg8+ 62.Kh7
Bf5+ 0-1

[Event "Moscow Open 2009 C"]
[Site "?"]
[Date "2009.02.01"]
[Round "2.9"]
[White "Muzychuk, Mariya"]
[Black "Fakhretdinova, Margarita"]
[Result "0-1"]
[WhiteElo "2427"]
[BlackElo "2167"]
[Annotator ""]
[Source ""]
[Remark ""]

1.e4 e5 2.Nf3 Nc6 3.Bc4 Nf6 4.d4 exd4 5.e5 d5 6.Bb5 Ne4 7.Nxd4
Bd7 8.Bxc6 bxc6 9.O-O Bc5 10.f3 Ng5 11.Be3 Ne6 12.c3 O-O 13.f4
f5 14.Nd2 Bxd4 15.cxd4 Rb8 16.Nb3 a5 17.Qc2 a4 18.Na5 c5 19.dxc5
Bb5 20.Rfd1 d4 21.b3 Qd5 22.bxa4 Ba6 23.Nb3 Rb4 24.c6 Rc4 25.Qb1
g6 26.Rd2 Rd8 27.Qd1 Qe4 28.Bf2 Qxf4 29.Rc1 Rxc1 30.Qxc1 Qxe5
31.Qb2 Qe4 32.h3 Nf4 33.Bxd4 Ne2+ 34.Rxe2 Bxe2 35.Qc1 Rxd4 36.Nxd4
Qxd4+ 0-1

[Event "Moscow Open 2009 C"]
[Site "?"]
[Date "2009.02.01"]
[Round "2.10"]
[White "Matveeva, Svetlana"]
[Black "Suslova, Alena"]
[Result "1-0"]
[WhiteElo "2422"]
[BlackElo "2147"]
[Annotator ""]
[Source ""]
[Remark ""]

1.d4 Nf6 2.c4 g6 3.Nf3 Bg7 4.g3 O-O 5.Bg2 d6 6.O-O Nbd7 7.Nc3
e5 8.e4 a6 9.Re1 Rb8 10.a4 Re8 11.h3 exd4 12.Nxd4 Ne5 13.b3 Bd7
14.Be3 h6 15.Rc1 Nc6 16.Nde2 Kh7 17.c5 dxc5 18.Bxc5 Be6 19.Nd5
Qd7 20.Nef4 Rbd8 21.Qc2 Qc8 22.Nxe6 Rxe6 23.Red1 Nb8 24.Bd4 c6
25.Qb2 Nbd7 26.Nf4 Re7 27.e5 Ne8 28.e6 fxe6 29.Be4 Nf8 30.Bxg7
Rxg7 31.h4 Nd6 32.Nh5 Qc7 33.Qxg7+ Qxg7 34.Nxg7 Kxg7 35.Bxc6
bxc6 36.Rxc6 Nf7 37.Rxd8 Nxd8 38.Rxa6 Kf6 39.a5 Ke7 40.b4 Nd7
41.b5 Nb7 42.Ra7 Nbc5 43.Rc7 Kd8 44.Rc6 1-0

[Event "Moscow Open 2009 C"]
[Site "?"]
[Date "2009.02.01"]
[Round "2.11"]
[White "Kostrikina, Anna"]
[Black "Shadrina, Tatiana"]
[Result "0-1"]
[WhiteElo "2157"]
[BlackElo "2416"]
[Annotator ""]
[Source ""]
[Remark ""]

1.e4 c5 2.Nf3 e6 3.d4 cxd4 4.Nxd4 Nf6 5.Nc3 d6 6.Be2 Be7 7.O-O
O-O 8.f4 Nc6 9.Kh1 a6 10.Be3 Qc7 11.Qe1 Nxd4 12.Bxd4 b5 13.a3
Bb7 14.Qg3 Rad8 15.Rad1 Bc6 16.Bf3 Qb7 17.Rfe1 Ne8 18.Nd5 Rc8
19.Nb4 g6 20.c3 a5 21.Nxc6 Qxc6 22.e5 d5 23.Qf2 Ng7 24.g4 b4
25.axb4 axb4 26.Rg1 bxc3 27.bxc3 Rcd8 28.Be2 f5 29.exf6 Bxf6
30.Bxf6 Rxf6 31.Qd4 Rf7 32.Bf3 Rc8 33.Rd3 Qc4 34.f5 Qxd4 35.cxd4
gxf5 36.gxf5 Rxf5 37.Bg4 Rf6 38.Re3 Kf7 39.Rh3 h6 40.Ra3 Rc7
41.Ra6 h5 42.Bd1 Rf4 43.Ra4 Kf6 44.Be2 h4 45.Bd3 Nf5 46.Bxf5
Kxf5 47.Re1 Rh7 48.h3 Rf3 49.Kg2 Rg3+ 50.Kh2 Rb7 51.Ra2 Rbb3
52.Rf2+ Rbf3 53.Re5+ Kf6 54.Rxf3+ Rxf3 55.Rh5 Rf4 56.Rh6+ Ke7
57.Rh7+ Kd6 58.Ra7 Rxd4 59.Kg2 Rf4 60.Ra6+ Ke5 61.Ra5 Ke4 0-1

[Event "Moscow Open 2009 C"]
[Site "?"]
[Date "2009.02.01"]
[Round "2.12"]
[White "Gunina, Valentina"]
[Black "Karpova, Lyudmila"]
[Result "0-1"]
[WhiteElo "2400"]
[BlackElo "2131"]
[Annotator ""]
[Source ""]
[Remark ""]

1.d4 d5 2.c4 e6 3.Nf3 Nf6 4.Nc3 c6 5.e3 Nbd7 6.Qc2 Bd6 7.Bd3
dxc4 8.Bxc4 a6 9.O-O O-O 10.a4 c5 11.Rd1 Qc7 12.Ne4 Nxe4 13.Qxe4
Nf6 14.Qh4 cxd4 15.Bd3 Be7 16.exd4 g6 17.Bg5 Nd5 18.Rac1 Qd8
19.Bxe7 Qxe7 20.Qh6 Bd7 21.b3 Rac8 22.Ng5 Nf6 23.Be4 Rxc1 24.Rxc1
Qa3 25.Rf1 Qxb3 26.h4 Bc6 27.d5 Bxd5 28.Bb1 Qxa4 29.f3 Qd4+ 30.Kh1
Rc8 31.Be4 Qc4 32.Re1 Qc5 0-1

[Event "Moscow Open 2009 C"]
[Site "?"]
[Date "2009.02.01"]
[Round "2.13"]
[White "Yakovich, Yuliya"]
[Black "Bodnaruk, Anastasia"]
[Result "1/2-1/2"]
[WhiteElo "2125"]
[BlackElo "2384"]
[Annotator ""]
[Source ""]
[Remark ""]

1.e4 c5 2.Nc3 d6 3.f4 Nc6 4.Nf3 g6 5.d4 cxd4 6.Nxd4 Bg7 7.Be3
Nf6 8.Be2 O-O 9.Nb3 Be6 10.g4 Nd7 11.Qd2 Rc8 12.h4 f5 13.h5 fxg4
14.O-O-O Rf7 15.hxg6 hxg6 16.Rh4 Nf6 17.Kb1 a5 18.Bd3 Nb4 19.e5
Nxd3 20.cxd3 dxe5 21.fxe5 Nh5 22.Nd4 Qd7 23.Ne4 Rff8 24.Ng5 Bf5
25.e6 Qd5 26.Nxf5 Qxf5 27.Qe2 g3 28.Ka1 Rc6 29.Rg1 Rd8 30.d4
Rc2 31.Qg4 Qb5 32.Rb1 Qe2 33.Qe4 Rf8 34.Qxg6 Rf1 35.Qe8+ Bf8
36.Qg6+ Bg7 37.Qe8+ Bf8 38.Qg6+ Bg7 39.Qe8+ 1/2-1/2

[Event "Moscow Open 2009 C"]
[Site "?"]
[Date "2009.02.01"]
[Round "2.14"]
[White "Kushka, Alena"]
[Black "Vasilkova, Svetlana"]
[Result "1/2-1/2"]
[WhiteElo "2124"]
[BlackElo "2371"]
[Annotator ""]
[Source ""]
[Remark ""]

1.d4 Nf6 2.c4 e6 3.Nc3 Bb4 4.f3 c5 5.d5 d6 6.e4 Qe7 7.Nge2 O-O
8.Ng3 b5 9.Be2 bxc4 10.Bxc4 Ba6 11.Bxa6 Nxa6 12.O-O Bxc3 13.bxc3
exd5 14.Bg5 Qe5 15.Bxf6 Qxf6 16.Qxd5 Qxc3 17.Qxd6 Nb4 18.Rac1
Qe3+ 19.Kh1 Nd3 20.Rc2 Rfd8 21.Qe7 g6 22.f4 Re8 23.Qg5 Rab8 24.Re2
Qd4 25.e5 Qd8 26.Qh6 f5 27.Re3 Rb7 28.e6 Rg7 29.Qh3 Qd4 30.Ne2
Qb2 31.Qf3 c4 32.Qc6 Rge7 33.Qxc4 Nb4 34.Rb3 Qxa2 35.Rxb4 Qxc4
36.Rxc4 Rxe6 37.Nc3 a5 38.Kg1 Rb8 39.Rd1 Kf7 40.Rc7+ Re7 41.Rxe7+
Kxe7 42.Rd5 Rb3 43.Rd3 a4 44.Nd5+ Kd6 45.Rxb3 axb3 46.Nc3 Kc5
47.Kf2 Kc4 48.Nb1 Kd3 49.Na3 Kd2 50.h3 Kc3 51.g3 Kd2 52.Nc4+
Kd3 53.Nb2+ Kc3 54.Nd1+ Kd2 55.Nb2 Kc3 56.Nd1+ Kd2 57.Ne3 Kd3
58.Nd1 1/2-1/2

[Event "Moscow Open 2009 C"]
[Site "?"]
[Date "2009.02.01"]
[Round "2.15"]
[White "Demina, Julia"]
[Black "Uljianova, Nadezhda"]
[Result "1-0"]
[WhiteElo "2361"]
[BlackElo "2106"]
[Annotator ""]
[Source ""]
[Remark ""]

1.d4 d5 2.Nf3 c6 3.c4 e6 4.Qc2 f5 5.g3 Bd6 6.Bg2 Nf6 7.O-O O-O
8.Nc3 Ne4 9.c5 Bc7 10.Bf4 Bxf4 11.gxf4 Bd7 12.b4 Be8 13.Ne5 Nd7
14.Na4 Qh4 15.f3 Nef6 16.e3 Bh5 17.Nc3 g5 18.Qf2 Qxf2+ 19.Kxf2
gxf4 20.exf4 Be8 21.Nd3 Rf7 22.Rab1 b5 23.a4 a6 24.Ra1 Rc8 25.axb5
axb5 26.Rfe1 Re7 27.Bh3 Kf8 28.Re2 Bf7 29.Rea2 Ke8 30.Ne2 Kd8
31.Nec1 Nf8 32.Nb3 Ng6 33.Ke3 Rec7 34.Ra6 Nd7 35.Rg1 Ke7 36.Bf1
Nb8 37.Ra2 Rg8 38.Rg3 Kd8 39.Ra8 Rc8 40.Na5 Kd7 41.Nb7 Rc7 42.Nd6
Ke7 43.Ne5 Nxe5 44.Rxg8 Bxg8 45.Rxb8 1-0

[Event "Moscow Open 2009 C"]
[Site "?"]
[Date "2009.02.01"]
[Round "2.16"]
[White "Rassokhina, Ekaterina"]
[Black "Grabuzova, Tatiana"]
[Result "1/2-1/2"]
[WhiteElo "2106"]
[BlackElo "2332"]
[Annotator ""]
[Source ""]
[Remark ""]

1.d4 e6 2.c4 b6 3.Nf3 Bb7 4.e3 f5 5.g3 Nf6 6.Bg2 g6 7.O-O Bg7
8.Nbd2 O-O 9.Ne5 Bxg2 10.Kxg2 d6 11.Nd3 Nbd7 12.b3 e5 13.Bb2
Qe8 14.Qc2 c5 15.d5 g5 16.f4 gxf4 17.exf4 e4 18.Nf2 Qh5 19.Rae1
Rae8 20.Re3 b5 21.Rd1 Nb6 22.Nf1 Ng4 23.Nxg4 Bxb2 24.Qxb2 Qxg4
25.Rc1 a5 26.Qf2 Kh8 27.Ree1 b4 28.Ne3 Qg7 29.Kh1 a4 30.Rg1 Qf6
31.g4 fxg4 32.Rxg4 axb3 33.axb3 Ra8 34.Rcg1 Ra1 35.Rxa1 Qxa1+
36.Rg1 Qf6 37.Qg3 Nc8 38.Nf5 Ne7 39.Nxd6 e3 40.f5 Rg8 41.Qf4
Rxg1+ 42.Kxg1 Qa1+ 43.Qf1 Qf6 44.Nb5 Ng8 45.d6 Qg7+ 46.Kh1 Qb7+
47.Qg2 e2 48.Qxb7 e1Q+ 49.Kg2 Qe2+ 50.Kh3 Qh5+ 51.Kg2 Qe2+ 52.Kh3
Qh5+ 53.Kg2 1/2-1/2

[Event "Moscow Open 2009 C"]
[Site "?"]
[Date "2009.02.01"]
[Round "2.17"]
[White "Severiukhina, Zoja"]
[Black "Kalmykova, Anastasia"]
[Result "1-0"]
[WhiteElo "2327"]
[BlackElo "2100"]
[Annotator ""]
[Source ""]
[Remark ""]

1.e4 c5 2.Nf3 d6 3.d4 cxd4 4.Nxd4 Nf6 5.Nc3 a6 6.Be3 e5 7.Nb3
Be7 8.f3 Be6 9.Qd2 O-O 10.O-O-O Qc7 11.g4 b5 12.g5 b4 13.Ne2
Nfd7 14.Kb1 Rc8 15.f4 Nb6 16.Bxb6 Qxb6 17.f5 Bxb3 18.axb3 Nd7
19.f6 gxf6 20.Bh3 f5 21.exf5 Rd8 22.f6 Bf8 23.Bf5 e4 24.Bxe4
Rac8 25.Qd3 h6 26.Qh3 Rc5 27.Rhg1 Kh8 28.Nf4 Re5 29.Bd5 Qe3 30.Qxe3
Rxe3 31.h4 Ne5 32.g6 fxg6 33.Nxg6+ Nxg6 34.Rxg6 Re5 35.c4 bxc3
36.bxc3 Re3 37.Rdg1 Kh7 38.h5 Rc8 39.Rg8 a5 40.R8g4 Rce8 41.Kc2
R8e5 42.Bc4 Rg5 43.Rxg5 hxg5 44.Rxg5 Rf3 45.Rg6 Rf5 46.Bg8+ Kh8
47.Be6 Rf2+ 48.Kd3 Kh7 49.Bg8+ Kh8 50.Bd5 Kh7 51.Be4 Kh8 52.h6
Rf4 53.h7 Kxh7 54.Rg4+ Rxe4 55.Kxe4 Bh6 56.Kd5 Bf8 57.Ke6 a4
58.bxa4 d5 59.a5 d4 60.cxd4 1-0

[Event "Moscow Open 2009 C"]
[Site "?"]
[Date "2009.02.01"]
[Round "2.18"]
[White "Bezgodova, Maria"]
[Black "Solovjova, Valentina"]
[Result "0-1"]
[WhiteElo "2101"]
[BlackElo "2324"]
[Annotator ""]
[Source ""]
[Remark ""]

1.e4 c6 2.d4 d5 3.Nd2 dxe4 4.Nxe4 Bf5 5.Ng3 Bg6 6.h4 h6 7.Nf3
Nd7 8.h5 Bh7 9.Bd3 Bxd3 10.Qxd3 e6 11.Bd2 Qc7 12.O-O-O Ngf6 13.Ne4
Nxe4 14.Qxe4 Nf6 15.Qe2 O-O-O 16.g3 Rd5 17.Kb1 Rxh5 18.Bf4 Qa5
19.Ne5 Rxh1 20.Rxh1 Rh7 21.Rd1 g5 22.Bd2 Qc7 23.f4 gxf4 24.Bxf4
Nd5 25.Qe4 f5 26.Qe2 Bd6 27.Qh5 Nf6 28.Qh4 Ne4 29.Qh5 Qe7 30.c4
Bxe5 31.Bxe5 Qf7 32.Qf3 Qg6 33.Bf4 h5 34.d5 exd5 35.cxd5 Qg4
36.Qb3 Rd7 37.Rd3 Qe2 38.Qa3 Rd8 39.Kc1 Qf1+ 40.Rd1 Qc4+ 41.Kb1
Qc5 42.Qxc5 Nxc5 43.d6 Ne4 44.Rh1 Rh8 45.Be5 Rh7 46.Kc2 Kd7 47.Bf4
Ke6 48.Re1 c5 49.Kd3 Kd5 50.Ke3 Kc6 51.Rd1 Rd7 52.Rh1 Nf6 53.Kf3
b5 54.Be5 Ng4 55.Bf4 Rh7 56.Re1 Nf6 57.Re5 Nd5 58.Rxf5 Nxf4 59.Kxf4
Kxd6 60.Kg5 Rg7+ 61.Kh4 Rg4+ 62.Kh3 Rb4 63.Rf2 a5 64.Rc2 Rd4
65.Kg2 c4 66.Kf3 Kc5 67.Ke3 Rg4 68.Kf3 b4 69.Rc1 a4 70.Rc2 Rd4
71.Rh2 Rd5 72.Ke3 c3 73.Rc2 Kc4 74.Kf2 Rd3 75.Re2 cxb2 76.Rxb2
Kc3 77.Rb1 Rd2+ 78.Kf3 Rxa2 79.Rh1 b3 80.Rxh5 b2 81.Rb5 Ra1 82.g4
b1Q 0-1

[Event "Moscow Open 2009 C"]
[Site "?"]
[Date "2009.02.01"]
[Round "2.19"]
[White "Molchanova, Tatjana"]
[Black "Semenova, Elena"]
[Result "1-0"]
[WhiteElo "2319"]
[BlackElo "2086"]
[Annotator ""]
[Source ""]
[Remark ""]

1.c4 e6 2.Nf3 d5 3.g3 Nf6 4.Bg2 Be7 5.O-O O-O 6.b3 c5 7.Bb2 Nc6
8.e3 b6 9.Qe2 Ba6 10.d3 Qc7 11.Nbd2 Rad8 12.a3 Rd7 13.Rfd1 b5
14.Rac1 bxc4 15.dxc4 Rfd8 16.Qe1 dxc4 17.Nxc4 Bxc4 18.bxc4 Qb6
19.Rxd7 Rxd7 20.Qc3 Ne8 21.Qc2 Bf6 22.Bxf6 Nxf6 23.Rb1 Qc7 24.h3
h6 25.Rb5 Ne5 26.Nxe5 Qxe5 27.Bf3 g6 28.a4 Kg7 29.Kg2 Rd8 30.Qb2
Qxb2 31.Rxb2 Rd7 32.a5 Rc7 33.a6 Nd7 34.Rb7 Rxb7 35.axb7 Kf6
36.Bc6 Nb8 37.Ba4 g5 38.f4 gxf4 39.exf4 e5 40.Kf3 Ke6 41.Ke4
exf4 42.Kxf4 Kf6 43.g4 Na6 44.h4 Nb8 45.Bb5 Ke6 46.g5 h5 47.Ba4 1-0

[Event "Moscow Open 2009 C"]
[Site "?"]
[Date "2009.02.01"]
[Round "2.20"]
[White "Gaprindashvili, Nona"]
[Black "Charochkina, Daria"]
[Result "1/2-1/2"]
[WhiteElo "2089"]
[BlackElo "2316"]
[Annotator ""]
[Source ""]
[Remark ""]

1.d4 Nf6 2.c4 g6 3.Nc3 d5 4.Bf4 Bg7 5.e3 O-O 6.Nf3 c5 7.dxc5
Qa5 8.Be5 Nbd7 9.Bd4 dxc4 10.Qa4 Qxa4 11.Nxa4 Ne4 12.Bxg7 Kxg7
13.Bxc4 Ndxc5 14.Nxc5 Nxc5 15.Ke2 Bg4 16.Rac1 Rac8 17.h3 Bf5
18.Nd4 e5 19.Nxf5+ gxf5 20.Rhd1 b6 21.Rc2 Rc7 22.Rdc1 a5 23.a3
a4 24.Bb5 Ra8 25.Rc4 Re7 26.Bc6 Ra6 27.Rb4 Re6 28.Bb5 Ra8 29.Bc4
Rg6 30.Rd1 Rc8 31.g3 f4 32.gxf4 exf4 33.Bd3 Nxd3 34.Kxd3 fxe3
35.Kxe3 Rh6 36.Rg1+ Kf8 37.Rg3 Rc2 38.Rf3 Re6+ 39.Kd3 Ree2 40.Rbf4 1/2-1/2

[Event "Moscow Open 2009 C"]
[Site "?"]
[Date "2009.02.01"]
[Round "2.21"]
[White "Girya, Olga"]
[Black "Derbentseva, Irina"]
[Result "1-0"]
[WhiteElo "2315"]
[BlackElo "2080"]
[Annotator ""]
[Source ""]
[Remark ""]

1.e4 c5 2.Nc3 Nc6 3.Bb5 Nd4 4.Bc4 d6 5.Nge2 g6 6.O-O Bg7 7.Nxd4
cxd4 8.Ne2 e6 9.c3 Nf6 10.Qc2 dxc3 11.dxc3 O-O 12.Bg5 Qa5 13.Bh4
b5 14.Bb3 Bb7 15.f3 Rac8 16.a3 Qb6+ 17.Bf2 Qc7 18.Rad1 a6 19.Rfe1
d5 20.exd5 Bxd5 21.Bxd5 Nxd5 22.Ng3 a5 23.Qe2 b4 24.axb4 axb4
25.cxb4 Nxb4 26.Ne4 Nc2 27.Rf1 Qf4 28.Qd2 Qxd2 29.Rxd2 Bxb2 30.Nc5
Ba3 31.Rxc2 Rfd8 32.Rc3 Bb4 33.Rd3 Rxd3 34.Nxd3 Bd6 35.Rc1 Rd8
36.Nc5 Be5 37.Ne4 Kg7 38.g3 h6 39.f4 Bd4 40.Rd1 Bxf2+ 41.Nxf2
Rb8 42.Rd7 g5 43.Nd3 gxf4 44.gxf4 Rb1+ 45.Kg2 Rd1 46.Ne5 Rxd7
47.Nxd7 Kg6 48.Ne5+ Kf5 49.Nxf7 Kxf4 50.Nxh6 e5 51.h3 e4 52.Ng4
Kf5 53.Kg3 Kg5 54.Ne3 Kh5 55.h4 Kg6 56.Kf4 Kh5 57.Nf5 e3 58.Kxe3
Kg6 59.Kf4 1-0

[Event "Moscow Open 2009 C"]
[Site "?"]
[Date "2009.02.01"]
[Round "2.22"]
[White "Samigullina, Diana"]
[Black "Pustovoitova, Daria"]
[Result "1-0"]
[WhiteElo "2083"]
[BlackElo "2314"]
[Annotator ""]
[Source ""]
[Remark ""]

1.d4 d5 2.c4 e6 3.Nc3 Be7 4.Nf3 Nf6 5.cxd5 exd5 6.Bg5 O-O 7.e3
h6 8.Bf4 c6 9.Bd3 Re8 10.O-O Nbd7 11.Rc1 Nf8 12.Ne5 Bd6 13.Bg3
Bxe5 14.Bxe5 Ng4 15.Bg3 Nf6 16.Bb1 b6 17.Ne2 Bd7 18.Nf4 Ne4 19.Nd3
Ng6 20.Be5 f6 21.Bf4 Rc8 22.Qh5 Nxf4 23.Nxf4 Nd2 24.Qg6 Nxb1
25.Qxb1 Qe7 26.Rc3 Qd6 27.Qd3 Re4 28.f3 Re7 29.Ng6 Ree8 30.Nf4
Red8 31.Rfc1 Be8 32.Qc2 Rc7 33.a3 Re7 34.Ne2 Bd7 35.Ng3 Rde8
36.Qf2 g6 37.b4 Kg7 38.Ne2 Ra8 39.Nf4 Be8 40.Qg3 Kh7 41.Nh5 Qe6
42.Nf4 Qf5 43.Qf2 h5 44.h3 a5 45.g4 hxg4 46.hxg4 Qg5 47.Kg2 axb4
48.axb4 Ra4 49.Rh1+ Kg8 50.b5 Rc4 51.Rxc4 dxc4 52.bxc6 Bxc6 53.Kg3
f5 54.Qh2 Qf6 55.d5 Bd7 56.d6 Rg7 57.Qa2 Qf7 58.Qa8+ Qe8 59.Qd5+
Qf7 60.Qa8+ Be8 61.Nd5 Qe6 62.Nf6+ Kf7 63.Nxe8 Qxe8 64.Qb7+ Kf6
65.g5+ 1-0

[Event "Moscow Open 2009 C"]
[Site "?"]
[Date "2009.02.01"]
[Round "2.23"]
[White "Chasovnikova, Eugenia"]
[Black "Sukhareva, Valentina"]
[Result "1-0"]
[WhiteElo "2302"]
[BlackElo "2078"]
[Annotator ""]
[Source ""]
[Remark ""]

1.d4 Nf6 2.Nf3 b6 3.c4 Bb7 4.Nc3 d6 5.Qc2 Nbd7 6.e4 c5 7.d5 e5
8.g3 g6 9.Bg2 Bg7 10.O-O O-O 11.a3 a6 12.Bd2 Qc7 13.Ne1 Ng4 14.f3
Nh6 15.Qc1 Nf5 16.exf5 Nf6 17.f4 exf4 18.Bxf4 Ng4 19.Nf3 Ne5
20.Nxe5 dxe5 21.Bh6 f6 22.d6 Qd7 23.Bxb7 Qxb7 24.Bxg7 Kxg7 25.Qd2
Rad8 26.Rad1 Rd7 27.Qd5 Qxd5 28.Rxd5 gxf5 29.Rxf5 Rfd8 30.Ne4 1-0

[Event "Moscow Open 2009 C"]
[Site "?"]
[Date "2009.02.01"]
[Round "2.24"]
[White "Yakupova, Aysyla"]
[Black "Bulmaga, Irina"]
[Result "0-1"]
[WhiteElo "2076"]
[BlackElo "2300"]
[Annotator ""]
[Source ""]
[Remark ""]

1.e4 c5 2.Nf3 e6 3.d4 cxd4 4.Nxd4 Nc6 5.Nc3 Qc7 6.Be3 Nf6 7.Be2
a6 8.a3 Be7 9.O-O O-O 10.f4 d6 11.Nb3 b5 12.Bf3 Bb7 13.Qe1 Rfe8
14.Qg3 Rac8 15.e5 Nd7 16.exd6 Bxd6 17.Ne4 Be7 18.Nbc5 Nxc5 19.Nxc5
Bxc5 20.Bxc5 Ne7 21.Bxe7 Qxe7 22.Rf2 Red8 23.Raf1 h6 24.Qh3 Bxf3
25.Qxf3 Qa7 26.Kh1 Rd5 27.h3 Rcd8 28.Qg3 Qd4 29.Qb3 Qc5 30.Qf3
Rd2 31.c3 R2d3 32.Qe4 Re3 33.Qc2 Qd5 34.Kg1 Rd3 35.Qe2 Qc5 36.Kh1
Re3 37.Qc2 Rdd3 38.f5 e5 39.f6 g6 40.a4 Qd5 41.Kg1 e4 42.axb5
axb5 43.Qc1 Kh7 44.Qa1 Rg3 45.Qa7 e3 46.Re2 Rd2 47.Rxd2 exd2 0-1

[Event "Moscow Open 2009 C"]
[Site "?"]
[Date "2009.02.01"]
[Round "2.25"]
[White "Savina, Anastasia"]
[Black "Malinicheva, L."]
[Result "1-0"]
[WhiteElo "2297"]
[BlackElo "2068"]
[Annotator ""]
[Source ""]
[Remark ""]

1.d4 Nf6 2.c4 e6 3.Nc3 b6 4.e4 d6 5.Nf3 Be7 6.Be2 O-O 7.O-O c5
8.d5 exd5 9.cxd5 a6 10.a4 Re8 11.Nd2 Nbd7 12.f4 Bf8 13.Bf3 Rb8
14.Nc4 Bb7 15.e5 b5 16.axb5 axb5 17.Nxb5 dxe5 18.fxe5 Nb6 19.Nxb6
Qxb6 20.Na3 Nd7 21.Nc4 Qd8 22.Bf4 Ra8 23.Rxa8 Qxa8 24.d6 g6 25.Bxb7
Qxb7 26.Qf3 Qxf3 27.gxf3 Bg7 28.Re1 h6 29.Kg2 g5 30.Bg3 Kh7 31.f4
Kg6 32.Kf3 gxf4 33.Kxf4 h5 34.Bh4 Bh6+ 35.Ke4 Bg7 36.Kd5 Kf5
37.Kc6 Ke6 38.Nb6 Nxb6 39.Kxb6 Kd7 40.Kxc5 Rc8+ 41.Kd5 Rb8 42.Rg1
Bh8 43.Bg3 Rb5+ 44.Kc4 Rxb2 45.Ra1 Rb7 46.Ra8 Bg7 47.Rg8 Bh6
48.Rh8 Bd2 49.Rxh5 Rb4+ 50.Kc5 Rb8 51.Rf5 Ke8 52.Kd5 Ra8 53.Rf2
Be3 54.Rc2 Ra5+ 55.Ke4 Bb6 56.Rb2 Ra6 57.Kf5 Kd7 58.h4 Kc6 59.Rc2+
Kd7 60.Bf4 Ra1 61.h5 Rh1 62.h6 Rh4 63.Rh2 1-0

[Event "Moscow Open 2009 C"]
[Site "?"]
[Date "2009.02.01"]
[Round "2.26"]
[White "Ubiennykh, Ekaterina"]
[Black "Kazennova, Daria"]
[Result "1-0"]
[WhiteElo "2285"]
[BlackElo "1964"]
[Annotator ""]
[Source ""]
[Remark ""]

1.d4 Nf6 2.c4 c5 3.d5 b5 4.cxb5 a6 5.e3 axb5 6.Bxb5 Qa5+ 7.Nc3
Ne4 8.Qd3 Nxc3 9.bxc3 g6 10.Ne2 Bg7 11.O-O O-O 12.Bd2 Na6 13.a4
c4 14.Qxc4 Bb7 15.Qa2 Qc7 16.Rab1 Nc5 17.Rb4 Na6 18.Bxa6 Bxa6
19.c4 Be5 20.Nd4 Bxh2+ 21.Kh1 Be5 22.Rc1 Qd6 23.Nf3 Bg7 24.c5
Qc7 25.Qb3 Rfc8 26.e4 Rab8 27.Rb6 Ra8 28.Qe3 Rcb8 29.a5 Bb2 30.Rxb2
Rxb2 31.Qh6 1-0

[Event "Moscow Open 2009 C"]
[Site "?"]
[Date "2009.02.01"]
[Round "2.27"]
[White "Aketaeva, Dana"]
[Black "Sorokina, Nadejda"]
[Result "1-0"]
[WhiteElo "2283"]
[BlackElo "1870"]
[Annotator ""]
[Source ""]
[Remark ""]

1.e4 c5 2.Nf3 e6 3.d4 cxd4 4.Nxd4 Nf6 5.Bd3 d6 6.Nc3 a6 7.a4
Be7 8.O-O Qc7 9.Be3 b6 10.f4 Bb7 11.Kh1 O-O 12.Qf3 Nbd7 13.Qg3
Kh8 14.Rae1 Nc5 15.e5 dxe5 16.fxe5 Nd5 17.Nxd5 Bxd5 18.Bg5 Bxg5
19.Qxg5 Nxd3 20.cxd3 Rac8 21.h3 Qd7 22.Rf4 Rc5 23.Kh2 Ra5 24.b3
Rc5 25.Re3 Rc3 26.Rg3 Rg8 27.Rh4 g6 28.Ne2 Rc7 29.Nf4 Qe7 30.Qh6
f6 31.Nxg6+ Rxg6 32.Qxg6 Rc8 33.exf6 1-0

[Event "Moscow Open 2009 C"]
[Site "?"]
[Date "2009.02.01"]
[Round "2.28"]
[White "Gvanceladze, Anna"]
[Black "Paikidze, Nazi"]
[Result "1/2-1/2"]
[WhiteElo "2070"]
[BlackElo "2280"]
[Annotator ""]
[Source ""]
[Remark ""]

1.e4 c5 2.Nc3 Nc6 3.g3 g6 4.Bg2 Bg7 5.d3 e6 6.Be3 Nd4 7.Qd2 Ne7
8.Nd1 b6 9.c3 Ndc6 10.Bh6 Bxh6 11.Qxh6 Ba6 12.Ne3 Ng8 13.Qg7
Qf6 14.Qxf6 Nxf6 15.e5 Ng8 16.Rd1 Rc8 17.f4 f6 18.Nf3 fxe5 19.Nxe5
Nxe5 20.fxe5 Nh6 21.O-O Nf7 22.Ng4 h5 23.Nf6+ Ke7 24.Rfe1 Nxe5
25.Nd5+ Kd6 26.Nf4 g5 27.d4 gxf4 28.dxe5+ Kc7 29.Re4 Bb5 30.Rxf4
Rcf8 31.Kf2 Rhg8 32.Bf3 Bc6 1/2-1/2

[Event "Moscow Open 2009 C"]
[Site "?"]
[Date "2009.02.01"]
[Round "2.29"]
[White "Fominykh, Maria"]
[Black "Della-Rossa, Anastasia"]
[Result "1-0"]
[WhiteElo "2279"]
[BlackElo "1868"]
[Annotator ""]
[Source ""]
[Remark ""]

1.d4 Nf6 2.Nf3 g6 3.g3 Bg7 4.Bg2 d5 5.O-O O-O 6.c4 e6 7.Nc3 Nc6
8.cxd5 exd5 9.Bf4 a6 10.Rc1 Bf5 11.Ne5 Ne7 12.Qd2 Re8 13.Na4
Ne4 14.Qb4 Rb8 15.f3 Bxe5 16.dxe5 Nc6 17.Qb3 Ng5 18.g4 Bd7 19.Qxd5
Ne6 20.Be3 Nxe5 21.Nc3 Nf8 22.Ne4 Bc6 23.Qxd8 Rexd8 24.Bf4 Nfd7
25.Bg5 Re8 26.Nf2 f6 27.Bh4 g5 28.Bg3 Rbc8 29.Rfd1 Nb6 30.Rd4
Nf7 31.e4 Ne5 32.Nd3 Nxd3 33.Rxd3 Nd7 34.Rxc6 bxc6 35.Rxd7 Rb8
36.b3 Rb7 37.Bf1 a5 38.Ba6 Ra7 39.Bc4+ Kh8 40.Bf2 Rb7 41.Bd4
Rf8 42.e5 Rbb8 43.exf6 h5 44.Bd3 1-0

[Event "Moscow Open 2009 C"]
[Site "?"]
[Date "2009.02.01"]
[Round "2.30"]
[White "Maslova, Elena"]
[Black "Iljushina, Olga"]
[Result "0-1"]
[WhiteElo "2068"]
[BlackElo "2269"]
[Annotator ""]
[Source ""]
[Remark ""]

1.e4 c5 2.Nf3 Nc6 3.d4 cxd4 4.Nxd4 Nf6 5.Nc3 d6 6.f3 e5 7.Nb3
Be7 8.Be3 O-O 9.Qd2 Be6 10.g4 d5 11.g5 d4 12.gxf6 Bxf6 13.Bf2
Bg5 14.Qe2 dxc3 15.bxc3 Rc8 16.Bg3 Na5 17.Bxe5 Bh4+ 18.Bg3 Rxc3
19.Qf2 Bxg3 20.hxg3 Nxb3 21.axb3 Qf6 22.Rxa7 Rxf3 23.Qh2 h6 24.Bd3
Rd8 25.Qd2 Bxb3 26.Ra3 Bc4 27.Rg1 Qb6 28.Qg2 Qe3+ 29.Kd1 Rf2 0-1

[Event "Moscow Open 2009 C"]
[Site "?"]
[Date "2009.02.01"]
[Round "2.31"]
[White "Shumilina, Alexandra"]
[Black "Saduakassova, Dinara"]
[Result "1-0"]
[WhiteElo "2269"]
[BlackElo "1850"]
[Annotator ""]
[Source ""]
[Remark ""]

1.e4 e5 2.Nf3 Nc6 3.d4 exd4 4.Nxd4 Bc5 5.Be3 Qf6 6.Nb5 Bxe3 7.fxe3
Qd8 8.Qg4 Kf8 9.Qf4 d6 10.Bc4 Nf6 11.N1c3 Ne5 12.Be2 Qe7 13.Nd5
Nxd5 14.exd5 h5 15.O-O-O Bg4 16.Bxg4 Nxg4 17.Rde1 Rh6 18.h3 Ne5
19.Nd4 Qf6 20.Rhf1 Qxf4 21.exf4 Nd7 22.Nf5 Rf6 23.g4 Nb6 24.Ne3
hxg4 25.hxg4 Rh6 26.Rh1 Rxh1 27.Rxh1 Kg8 28.Kd2 Re8 29.Kd3 a5
30.c3 Na4 31.Rh2 Nc5+ 32.Ke2 a4 33.Kf3 Ne4 34.Re2 Nc5 35.Rd2
Re4 36.Rd1 Re8 37.Rd4 Re7 38.g5 Re8 39.Rb4 Ra8 40.Rc4 Rc8 41.Ke2
Re8 42.b4 axb3 43.axb3 Re4 44.b4 Rxc4 45.Nxc4 Nd7 46.Ke3 Kf8
47.Na5 b5 48.Nc6 Nb6 49.Ke4 Nc8 50.Nd4 Na7 51.g6 fxg6 52.Ne6+
Kf7 53.Nxc7 Ke7 54.Kf3 Kf6 55.Ne8+ Ke7 56.Nxg7 Nc8 57.Ne6 Nb6
58.Ke4 Na4 59.Kd4 1-0